Official verbatim report of the parliamentary debates of the second session of the seventh National Assembly (Record no. 52534)

MARC details
000 -LEADER
fixed length control field 00692nam a2200145 a 4500
008 - FIXED-LENGTH DATA ELEMENTS--GENERAL INFORMATION
fixed length control field 150508s1993 ||||||||||||||||| || u
050 ## - LIBRARY OF CONGRESS CALL NUMBER
Classification number GOV.ZAM(05)PD/1993/93
110 ## - MAIN ENTRY--CORPORATE NAME
Corporate name or jurisdiction name as entry element Government of the Republic of Zambia. National Assembly
245 10 - TITLE STATEMENT
Title Official verbatim report of the parliamentary debates of the second session of the seventh National Assembly
Statement of responsibility, etc. By the Natiional Assembly
260 ## - PUBLICATION, DISTRIBUTION, ETC.
Place of publication, distribution, etc. Lusaka:
Name of publisher, distributor, etc. The National Assembly
Date of publication, distribution, etc. 1993
300 ## - PHYSICAL DESCRIPTION
Extent various pagings
500 ## - GENERAL NOTE
General note 15th January- 18th March 1993
650 ## - SUBJECT ADDED ENTRY--TOPICAL TERM
Topical term or geographic name entry element PARLIAMENTARY DEBATES
995 ## - RECOMMENDATION 995 [LOCAL, UNIMARC FRANCE]
-- CBU-MAIN LIBRARY (Kitwe)
-- 1
-- AVAILABLE
-- May 8, 2015
-- Zambiana Collection
Holdings
Withdrawn status Lost status Source of classification or shelving scheme Damaged status Not for loan Home library Current library Shelving location Date acquired Total Checkouts Full call number Barcode Date last seen Price effective from Koha item type
          CBU-MAIN LIBRARY, KITWE. CBU-MAIN LIBRARY, KITWE.   11/30/2022   GOV.ZAM(05)PD/1993/93 03005272 11/30/2022 11/30/2022 MONOGRAPH